Mythologie grecque avancée - Statistiques

Statistiques générales
  • Ce quiz a été pris 339 fois
  • Le résultat moyen est 7 sur 15
Statistiques - réponses
Question Réponse % Correct
Lorsque Pandore ouvrit sa fameuse boîte, qu'est-ce qui resta au fond ? L'espoir
87%
Qui est le titan de la lumière céleste ? Hypérion
78%
Qui a libéré Prométhée de ses chaînes ? Hercule
73%
Qui Zeus séduisit-il sous la forme d'une pluie dorée ? Danaé
67%
Quel fut le supplice d'Ixion ? Être enchaîné à une roue en feu
64%
Qui maudit Écho ? Héra
64%
Par qui la lyre fut-elle inventée ? Hermès
44%
Quelle partie de Pélops Déméter mangea-t-elle ? L'épaule
33%
Sur quelle île fut recueillie la tête tranchée d'Orphie ? Lesbos
31%
De qui Polyphème a-t-il été amoureux ? Galatée
24%
Comment mourut Ulysse ? Assassiné par son fils
22%
En quoi Niobé se changea-t-elle ? En roche
22%
Qui refusa de venir lorsqu'Héphaïstos invita l'Olympe à se moquer de sa femme Aphrodite et de son amant Arès emprisonnés ? Toutes les déesses
18%
Et pourquoi Écho fut-elle maudite ? Pour avoir tenté de couvrir les frasques de quelqu'un
16%
Quel présage annonçait le malheur d'Orphée et Eurydice ? Le dieu du mariage était maussade et la flamme faillit s'éteindre
13%
Aucun quiz correspondant
Distribution des résultats
% des personnes avec chaque résultat
Percentile par nombre de réponses
Votre historique - résultats
Vous n’avez pas pris ce quiz